Top 15 Celebrities Born In 1965 - Statistics

General Stats
  • This quiz has been taken 199 times
    157 since last reset
  • The average score is 6 of 15
Answer Stats
Picture Answer % Correct
Robert Downey Jr.
91%
Ben Stiller
60%
Charlie Sheen
58%
Chris Rock
57%
J.K. Rowling
51%
Sarah Jessica Parker
48%
Kevin James
40%
Martin Lawrence
34%
Dr. Dre
28%
John C. Reilly
27%
Viola Davis
24%
Elizabeth Hurley
21%
Abby Lee Miller
17%
Shania Twain
3%
Rob Zombie
1%
No matching quizzes found
Score Distribution
Percent of People with Each Score
Percentile by Number Answered
Your Score History
You have not taken this quiz since the last reset